2026 NFL Draft Order: 1st and 2nd Rounds - Statistics

General Stats
  • This quiz has been taken 64 times
  • The average score is 22 of 32
Answer Stats
Overall Pick Team % Correct
1, 36 Las Vegas Raiders
100%
2, 16, 33, 44 New York Jets
98%
5, 10, 37 New York Giants
96%
3, 34 Arizona Cardinals
93%
4, 35 Tennessee Titans
89%
6, 24, 39 Cleveland Browns
85%
32, 64 Seattle Seahawks
85%
8, 42 New Orleans Saints
83%
9, 29, 40 Kansas City Chiefs
76%
31, 63 New England Patriots
76%
7 Washington Commanders
76%
11, 30, 43 Miami Dolphins
74%
12, 20 Dallas Cowboys
72%
13, 61 Los Angeles Rams
70%
21, 53 Pittsburgh Steelers
67%
27, 58 San Francisco 49ers
67%
25, 57, 60 Chicago Bears
65%
22, 55 Los Angeles Chargers
65%
15, 46 Tampa Bay Buccaneers
65%
14, 45 Baltimore Ravens
63%
26 Buffalo Bills
63%
17, 50 Detroit Lions
63%
18, 49 Minnesota Vikings
63%
19, 51 Carolina Panthers
59%
28, 38, 59 Houston Texans
59%
23, 54 Philadelphia Eagles
57%
48 Atlanta Falcons
41%
52 Green Bay Packers
41%
62 Denver Broncos
39%
47 Indianapolis Colts
39%
41 Cincinnati Bengals
37%
56 Jacksonville Jaguars
35%
No matching quizzes found
Score Distribution
Percent of People with Each Score
Percentile by Number Answered
Your Score History
You have not taken this quiz